Plus grands pays qui bordent l'océan Pacifique - Statistiques

Statistiques générales
  • Ce quiz a été pris 19 741 fois
  • Le résultat moyen est 13 sur 15
Statistiques - réponses
km2 Pays % Correct
9 525 067 Etats-Unis
99%
9 984 670 Canada
97%
7 692 024 Australie
96%
9 572 900 Chine
96%
17 098 246 Russie
96%
377 930 Japon
95%
756 102 Chili
93%
1 964 375 Mexique
93%
1 910 931 Indonésie
86%
1 285 216 Pérou
85%
1 141 748 Colombie
76%
331 212 Viêt Nam
69%
330 803 Malaisie
65%
513 120 Thaïlande
59%
462 840 Papouasie-Nouvelle-Guinée
57%
Aucun quiz correspondant
Distribution des résultats
% des personnes avec chaque résultat
Percentile par nombre de réponses
Votre historique - résultats
Vous n’avez pas pris ce quiz